[Event "World Teams"]
[Site "Yerevan ARM"]
[Date "2001.10.19"]
[Round "8"]
[White "Vakhidov,T"]
[Black "Rublevsky,S"]
[Result "1/2-1/2"]
[WhiteElo "2506"]
[BlackElo "2634"]
[EventDate "2001.10.12"]

1. d4 d5 2. c4 dxc4 3. Nf3 e6 4. e3 c5 5. Bxc4 a6 6. O-O Nf6 7. dxc5 Qxd1
8. Rxd1 Bxc5 9. Be2 O-O 10. Nbd2 Rd8 11. b3 b6 12. Bb2 Bb7 13. Ne5 Nbd7 14.
Bf3 Bxf3 15. Ndxf3 Nxe5 16. Nxe5 Rac8 17. Rxd8+ Rxd8 18. Kf1 Ne4 19. f3 Nf6
20. Ke2 Nd5 21. Rd1 f6 22. Nc4 b5 23. Na5 Bb6 24. Nc6 Rc8 25. Rxd5 Rxc6 26.
Rd1 1/2-1/2

[Event "World Teams"]
[Site "Yerevan ARM"]
[Date "2001.10.19"]
[Round "8"]
[White "Vera,R"]
[Black "Lutz,C"]
[Result "1/2-1/2"]
[WhiteElo "2557"]
[BlackElo "2643"]
[EventDate "2001.10.12"]

1. d4 Nf6 2. c4 e6 3. Nc3 Bb4 4. Qc2 O-O 5. a3 Bxc3+ 6. Qxc3 b6 7. Bg5 Bb7
8. e3 d6 9. f3 Nbd7 10. Nh3 h6 11. Bh4 Rc8 12. Bg3 Qe7 13. Be2 c5 14. dxc5
Rxc5 15. O-O d5 16. Qd2 Nh5 17. b4 Rcc8 18. cxd5 Nxg3 19. hxg3 Bxd5 20.
Rac1 Ne5 21. Qd4 Ng6 22. Nf4 Nxf4 23. gxf4 Rc7 24. Qb2 Rfc8 25. Ba6 Bb7 26.
Bxb7 Rxc1 27. Rxc1 Qxb7 28. Qd2 Rxc1+ 29. Qxc1 Qd7 30. Qc2 h5 31. Kf2 g6
32. Ke2 Qd5 33. Qc8+ Kg7 34. Qc3+ Kg8 35. Qc8+ Kg7 36. Qc3+ Kg8 1/2-1/2

[Event "World Teams"]
[Site "Yerevan ARM"]
[Date "2001.10.19"]
[Round "8"]
[White "Graf,A"]
[Black "Arencibia,W"]
[Result "0-1"]
[WhiteElo "2610"]
[BlackElo "2533"]
[EventDate "2001.10.12"]

1. d4 Nf6 2. c4 g6 3. Nc3 Bg7 4. e4 d6 5. f3 O-O 6. Be3 a6 7. Nge2 Nbd7 8.
d5 Ne5 9. Ng3 c6 10. a4 e6 11. Be2 exd5 12. cxd5 cxd5 13. exd5 Re8 14. Qd2
Bd7 15. O-O Rc8 16. a5 Qe7 17. Rfe1 h5 18. Rac1 Qf8 19. b3 Nh7 20. h3 f5
21. f4 Nf7 22. Nf1 Bf6 23. Bd4 Bxd4+ 24. Qxd4 Qg7 25. Qxg7+ Kxg7 26. Nd2
Nf6 27. Nc4 Ne4 28. Nxe4 Rxe4 29. Bf1 Rxe1 30. Rxe1 Re8 31. Rxe8 Bxe8 32.
h4 Kf6 33. Kf2 Ke7 34. Na3 Nh6 35. Ke3 Ng4+ 36. Kd4 Nf6 37. b4 Kd8 38. Nb1
Ba4 39. Nc3 Be8 40. Bc4 Kc7 41. Nd1 Ba4 42. Nc3 Be8 43. Bb3 Bd7 44. Ba4
Bxa4 45. Nxa4 Ne4 46. Nb6 Kd8 47. Nc4 Kd7 48. Nd2 Nxd2 0-1

[Event "World Teams"]
[Site "Yerevan ARM"]
[Date "2001.10.19"]
[Round "8"]
[White "Abreu,A"]
[Black "Luther,T"]
[Result "1/2-1/2"]
[WhiteElo "2493"]
[BlackElo "2604"]
[EventDate "2001.10.12"]

1. e4 e6 2. d4 d5 3. Nc3 Nf6 4. Bg5 Be7 5. e5 Nfd7 6. Bxe7 Qxe7 7. f4 a6 8.
Nf3 c5 9. Qd2 Nc6 10. dxc5 Nxc5 11. Bd3 O-O 12. O-O f5 13. exf6 Qxf6 14. g3
Bd7 15. Rae1 h6 16. Ne5 Be8 17. Qf2 Nxe5 18. Qxc5 Nxd3 19. cxd3 Bg6 20. Re5
Bxd3 21. Nxd5 exd5 22. Qxd5+ Qf7 23. Qxd3 Qxa2 24. Qd5+ Qxd5 25. Rxd5 Rad8
26. Rfd1 Rxd5 27. Rxd5 Rc8 28. Rd2 Rc4 29. Kf2 Rb4 30. Kf3 a5 31. Kg4 g6
32. Kf3 a4 33. g4 b5 34. h4 Kf7 35. h5 gxh5 36. gxh5 Ke6 37. Kg4 Rc4 38.
Re2+ Kf6 39. Re5 Rb4 40. Re2 Rb3 41. Rc2 Rb4 42. Re2 Rb3 43. Rc2 Rb4
1/2-1/2

[Event "World Teams"]
[Site "Yerevan ARM"]
[Date "2001.10.20"]
[Round "9"]
[White "Lutz,C"]
[Black "Iuldachev,S"]
[Result "1/2-1/2"]
[WhiteElo "2643"]
[BlackElo "2523"]
[EventDate "2001.10.12"]

1. e4 e5 2. Nf3 Nc6 3. Bb5 a6 4. Ba4 Nf6 5. O-O Be7 6. Re1 b5 7. Bb3 d6 8.
c3 O-O 9. h3 Na5 10. Bc2 c5 11. d4 Qc7 12. Nbd2 Rd8 13. b3 cxd4 14. cxd4
Nc6 15. Bb2 exd4 16. Nxd4 Nxd4 17. Bxd4 Be6 18. Rc1 Qa5 19. Nf1 d5 20. e5
Ne4 21. f3 Rac8 22. Qd3 g6 23. Bb1 Bb4 24. Red1 Nc3 25. a3 Bf5 26. axb4
Bxd3 27. bxa5 Ne2+ 28. Kf2 Rxc1 29. Bxd3 Rxd1 30. Kxe2 Rc1 31. Kd2 Rdc8 32.
Bb2 R1c5 33. b4 Rc4 34. Bxc4 Rxc4 35. Ne3 Rxb4 36. Bc3 Ra4 37. Nxd5 h5 38.
Kc2 b4 39. Bxb4 Ra2+ 40. Kd3 Rxg2 41. Nf4 Rf2 42. Ke3 Rh2 43. Be7 Ra2 44.
Bd8 Kf8 45. e6 fxe6 46. Nxe6+ Ke8 47. Bb6 Rh2 48. Nc7+ Kd7 49. Nxa6 Rxh3
50. Nc5+ Kc6 51. Nd3 g5 52. Kf2 Kb5 53. Kg2 g4 1/2-1/2

[Event "World Teams"]
[Site "Yerevan ARM"]
[Date "2001.10.20"]
[Round "9"]
[White "Dzhumaev,M"]
[Black "Graf,A"]
[Result "1/2-1/2"]
[WhiteElo "2473"]
[BlackElo "2610"]
[EventDate "2001.10.12"]

1. e4 c5 2. Nf3 e6 3. d3 Nc6 4. g3 d5 5. Nbd2 Bd6 6. Bg2 Nge7 7. O-O O-O 8.
Re1 b6 9. e5 Bc7 10. c3 Ba6 11. d4 Bd3 12. Nb3 Be4 13. dxc5 Bxf3 14. Qxf3
Nxe5 15. Qe2 Nc4 16. cxb6 Nxb6 17. Nd4 Qd7 18. b3 Rad8 19. Bb2 Rfe8 20. f4
Nbc8 21. Rad1 Bb6 22. Kh1 Nd6 23. c4 dxc4 24. bxc4 Qa4 25. Rc1 Rc8 26. Bf1
Nef5 27. Nxf5 exf5 28. Qd1 Qb4 29. Bc3 Qc5 30. Bg2 Ne4 31. Bxe4 Rxe4 32.
Rxe4 fxe4 33. Qg4 g6 34. Bd4 Qc6 35. c5 e3+ 36. Kg1 Re8 37. Qe2 Re4 38. Rc4
Qd5 39. cxb6 Rxd4 40. Rxd4 Qxd4 41. bxa7 Qxa7 42. a4 h5 43. a5 h4 44. Kg2
Qa8+ 45. Kh3 hxg3 46. Kxg3 Qxa5 47. Qxe3 Qf5 48. Qd4 Kh7 49. Qd8 Qe4 50.
Qf6 Kg8 51. Kf2 Qd3 52. Kg2 Qe3 53. Qg5 Kg7 54. Qg4 Qe4+ 55. Kg1 Kf6 56.
Qg5+ Ke6 57. Qg4+ Qf5 58. Qe2+ Kd5 59. Qe3 Qb1+ 60. Kf2 Qc2+ 61. Kg3 f6 62.
Qa3 Qb1 63. Qa8+ Ke6 64. Qe8+ Kd6 65. Qd8+ Ke6 66. Qe8+ Kd6 67. Qf8+ Ke6
68. Qg8+ Kd6 69. Qf8+ Ke6 70. Qe8+ Kd6 71. Qd8+ Ke6 72. Qc8+ Kd6 73. Qd8+
Ke6 74. Qg8+ Kd6 75. Qf8+ Ke6 76. Qe8+ Kd6 77. Qd8+ Ke6 78. Qe8+ Kd6 79.
Qd8+ Ke6 80. Qe8+ Kd6 1/2-1/2

[Event "World Teams"]
[Site "Yerevan ARM"]
[Date "2001.10.20"]
[Round "9"]
[White "Luther,T"]
[Black "Egin,V"]
[Result "1/2-1/2"]
[WhiteElo "2604"]
[BlackElo "2466"]
[EventDate "2001.10.12"]

1. e4 e5 2. Nf3 Nf6 3. Nxe5 d6 4. Nf3 Nxe4 5. Bd3 d5 6. Qe2 Qe7 7. O-O Nd6
8. Qd1 Qd8 9. Nc3 c6 10. Re1+ Be7 11. Qe2 Nd7 12. b4 Nf8 13. Na4 Ne6 14.
Bb2 O-O 15. Nc5 Bf6 16. Bxf6 Qxf6 17. Qe5 Qxe5 18. Nxe5 Re8 19. Nf3 b6 20.
Nxe6 Bxe6 21. Kf1 f6 22. Nd4 Bd7 23. a4 c5 24. bxc5 bxc5 25. Nb5 Rxe1+ 26.
Kxe1 Nxb5 27. Bxb5 Be6 28. a5 Rb8 29. Bc6 Kf7 30. a6 Rb6 31. Bb7 Ke7 32.
Kd1 Kd6 33. Kc1 1/2-1/2

[Event "World Teams"]
[Site "Yerevan ARM"]
[Date "2001.10.20"]
[Round "9"]
[White "Ivanchuk,V"]
[Black "Svidler,P"]
[Result "1/2-1/2"]
[WhiteElo "2731"]
[BlackElo "2686"]
[EventDate "2001.10.12"]

1. e4 e5 2. Nf3 Nc6 3. Bb5 a6 4. Ba4 Nf6 5. O-O Be7 6. Re1 b5 7. Bb3 d6 8.
c3 O-O 9. h3 Na5 10. Bc2 c5 11. d4 Qc7 12. Nbd2 cxd4 13. cxd4 Rd8 14. Re2
Nc6 15. d5 Nb4 16. Bb1 a5 17. Nf1 Bd7 18. Bg5 Rdc8 19. Qd2 Na6 20. Ng3 Qd8
21. Bc2 Nc5 22. Rc1 Na4 23. Bb1 Rxc1+ 24. Qxc1 Rc8 25. Qd2 Nc5 26. Re1 Qb6
27. Nh4 g6 28. Kh2 Qd8 29. Nf3 b4 30. Rc1 1/2-1/2

[Event "World Teams"]
[Site "Yerevan ARM"]
[Date "2001.10.20"]
[Round "9"]
[White "Leko,P"]
[Black "Vaganian,R"]
[Result "0-1"]
[WhiteElo "2739"]
[BlackElo "2650"]
[EventDate "2001.10.12"]

1. e4 e6 2. d4 d5 3. Nc3 Bb4 4. e5 b6 5. a3 Bf8 6. Nf3 Ba6 7. Bxa6 Nxa6 8.
Ne2 Qd7 9. O-O c6 10. Nf4 Be7 11. Qd3 Nc7 12. Bd2 h5 13. Rac1 O-O-O 14. c4
Kb7 15. Rc3 dxc4 16. Rxc4 Nd5 17. Rfc1 Rc8 18. b4 Nxf4 19. Bxf4 Qd5 20. Nd2
g5 21. Be3 Nh6 22. Ne4 Ng4 23. Qc2 f5 24. exf6 Nxf6 25. Nxf6 Bxf6 26. a4
Rc7 27. b5 Rhc8 28. a5 bxa5 29. Rc5 Qd7 30. bxc6+ Rxc6 31. Qa4 Bd8 32. Rd1
Rd6 33. Qxd7+ Rxd7 34. Rb1+ Bb6 35. Rxa5 Rd5 36. Rxd5 exd5 37. Bxg5 a5 38.
Kf1 Ka6 39. Ke2 Rg8 40. h4 Bxd4 41. Kd3 Bxf2 42. Rf1 Bb6 43. Rf5 d4 44. Rf6
Rc8 45. Bd2 a4 46. g4 hxg4 47. Rg6 a3 48. Rxg4 Kb5 49. h5 a2 50. Rg1 Ka4
51. h6 Kb3 52. h7 Rh8 53. Rg6 Bc5 0-1

[Event "World Teams"]
[Site "Yerevan ARM"]
[Date "2001.10.20"]
[Round "9"]
[White "Varga,Zo"]
[Black "Anastasian,A"]
[Result "1-0"]
[WhiteElo "2506"]
[BlackElo "2588"]
[EventDate "2001.10.12"]

1. e4 c5 2. Nf3 d6 3. d4 cxd4 4. Nxd4 Nf6 5. f3 e5 6. Nb3 Be6 7. c4 a5 8.
Be3 a4 9. N3d2 Qa5 10. Nc3 Be7 11. Be2 O-O 12. Rb1 Nbd7 13. O-O Rfc8 14.
Kh1 h6 15. f4 exf4 16. Bxf4 Nf8 17. Nd5 Qd8 18. Rc1 N6d7 19. Rc3 Ng6 20.
Bg3 Nde5 21. Ra3 Bg5 22. Rc3 Qa5 23. Nf3 Nxf3 24. Bxf3 Ne5 25. Bxe5 dxe5
26. Bg4 Rc6 27. Qf3 Rac8 28. b4 axb3 29. axb3 Qd8 30. Rd3 Qe8 31. Nc3 Be7
32. Nb5 Bc5 33. Rfd1 g6 34. Bxe6 Rxe6 35. Qh3 Kg7 36. Rd7 Ra8 37. Qd3 Re7
38. Rd5 Qc6 39. Qc3 Rae8 40. Rf1 Kg8 41. h4 Bd4 42. Qd3 Rd7 43. c5 Red8 44.
Nd6 Qc7 45. Qh3 Kg7 46. Ne8+ 1-0

[Event "World Teams"]
[Site "Yerevan ARM"]
[Date "2001.10.20"]
[Round "9"]
[White "Ghaem Maghami,E"]
[Black "Mitkov,N"]
[Result "1-0"]
[WhiteElo "2513"]
[BlackElo "2514"]
[EventDate "2001.10.12"]

1. c4 e6 2. Nf3 d5 3. g3 dxc4 4. Qa4+ c6 5. Qxc4 b5 6. Qc2 Bb7 7. Bg2 Qb6
8. O-O Nf6 9. a4 Na6 10. d4 Be7 11. Bg5 O-O 12. Nc3 Rfd8 13. Ne4 Nb4 14.
Qc1 Nbd5 15. a5 Qc7 16. Bxf6 Nxf6 17. a6 Bc8 18. Ne5 Nxe4 19. Qxc6 Qxc6 20.
Nxc6 f5 21. Nxe7+ Kf8 22. Nxc8 Raxc8 23. Rfc1 Rxc1+ 24. Rxc1 Rxd4 25. Bxe4
Rxe4 26. Rc7 Rxe2 27. Rxa7 Re1+ 28. Kg2 Ra1 29. f4 h6 30. Kf3 Kg8 31. Ke3
Ra2 32. Kd4 Rxb2 33. Rb7 Kh7 34. a7 Ra2 35. Kc5 b4 36. Kxb4 Rb2+ 37. Kc5
Rxb7 38. a8=Q Rb2 39. Qe8 Rxh2 40. Qxe6 Rc2+ 41. Kd6 Kh8 42. Qxf5 Ra2 43.
Qc8+ Kh7 44. Ke6 Kg6 45. Qc4 Ra7 46. Qc2+ Kh5 47. g4+ Kxg4 48. Qe2+ 1-0

[Event "World Teams"]
[Site "Yerevan ARM"]
[Date "2001.10.20"]
[Round "9"]
[White "Jacimovic,D"]
[Black "Ghorbani,M"]
[Result "1/2-1/2"]
[WhiteElo "2486"]
[BlackElo "2323"]
[EventDate "2001.10.12"]

1. d4 Nf6 2. c4 e6 3. Nc3 Bb4 4. Qc2 O-O 5. Nf3 b6 6. e4 c5 7. e5 cxd4 8.
a3 dxc3 9. axb4 Ne8 10. bxc3 f5 11. exf6 Nxf6 12. Bd3 Bb7 13. Ng5 1/2-1/2

[Event "World Teams"]
[Site "Yerevan ARM"]
[Date "2001.10.20"]
[Round "9"]
[White "Darban,M"]
[Black "Stamenkov,V"]
[Result "0-1"]
[WhiteElo "2270"]
[BlackElo "2378"]
[EventDate "2001.10.12"]

1. g3 g6 2. Bg2 Bg7 3. e4 c5 4. d3 Nc6 5. f4 d6 6. Nf3 e6 7. O-O Nge7 8. c3
O-O 9. Be3 b6 10. d4 Ba6 11. Re1 Rc8 12. Qd2 cxd4 13. cxd4 Na5 14. Na3 d5
15. e5 Nc4 16. Nxc4 dxc4 17. Ng5 Rc7 18. Rac1 b5 19. Qa5 Bb7 20. Ne4 Bxe4
21. Bxe4 Qd7 22. Bf2 Rfc8 23. Qc3 Nd5 24. Qf3 b4 25. Rc2 a5 26. Rcc1 a4 27.
Qe2 c3 28. b3 axb3 29. axb3 Ra8 30. Rb1 Ra3 31. Qd3 Rca7 32. Rec1 Ra2 33.
Rc2 R7a3 34. Rxa2 Rxa2 35. Be3 Bf8 36. Bc1 Qc6 37. Qf1 Be7 38. Bd3 c2 39.
Rb2 Rxb2 40. Bxb2 Ne3 41. Bb5 Qb7 42. Qe2 Nf5 43. Bd3 Nxd4 0-1

[Event "World Teams"]
[Site "Yerevan ARM"]
[Date "2001.10.20"]
[Round "9"]
[White "Stojanovski,D"]
[Black "Roghani,A"]
[Result "0-1"]
[WhiteElo "2412"]
[BlackElo "2276"]
[EventDate "2001.10.12"]

1. e4 e6 2. d4 d5 3. Nc3 Nf6 4. Bg5 Bb4 5. e5 h6 6. Be3 Ne4 7. Qg4 g5 8. a3
h5 9. Qd1 Ba5 10. b4 Nxc3 11. Qd3 c5 12. Qxc3 cxd4 13. Bxd4 Bc7 14. f4 gxf4
15. Nf3 Bd7 16. Qd2 Nc6 17. Bb2 Qe7 18. Qxf4 O-O-O 19. O-O-O Rhg8 20. g3 f5
21. Bd3 Kb8 22. Kb1 Rg4 23. Qh6 a5 24. b5 Na7 25. Bxf5 Ra4 26. Bd3 Bb6 27.
Qf6 Qc5 28. Nd2 Nxb5 29. Bxb5 Qxb5 30. Nb3 Rc8 31. Rd3 Rac4 32. Rc1 Rxc2
33. Qf3 Rf2 34. Rxc8+ Bxc8 35. Qd1 a4 0-1